|
|
|
|
| LEADER |
00000nkm a2200000 a 4500 |
| 001 |
vtls001391067 |
| 003 |
SK-MaSNL |
| 005 |
20260301011659.0 |
| 008 |
231206s1950 xo a 0k slo |
| 035 |
|
|
|a SNK000345342
|
| 040 |
|
|
|a SNK
|b slo
|c SNK
|e AACR2
|
| 044 |
|
|
|a xo
|c SK
|
| 080 |
|
|
|a 779
|2 1981
|
| 245 |
0 |
0 |
|a Bánovce nad Bebravou
|h grafika
|
| 260 |
|
|
|a Bratislava
|b Tvar
|c [1950?]
|
| 300 |
|
|
|a 1 pohľadnica
|c 14x9 cm
|
| 651 |
|
7 |
|a Bánovce nad Bebravou (Slovensko)
|2 SNKPH
|9 30527
|
| 655 |
|
7 |
|a geografické pohľadnice
|2 SNKPH
|9 70522
|
| 958 |
|
|
|a GC
|
| 958 |
|
|
|a GBN
|
| 958 |
|
|
|a OND
|
| 999 |
|
|
|c 551613
|d 553543
|
| 952 |
|
|
|t P60, <03>, [BOOK], {603}
|a SNK
|b SNK
|y PREZ
|7 0
|o snkSP 149164
|i snkPV 423/2000
|0 0
|1 0
|4 0
|d 2000-06-20
|l 0
|r 2005-01-02 00:00:00
|w 2026-02-23
|